00601nam a22001817a 4500999001900000005001700019010001300036020002100049035001300070037003600083082001300119100003100132245005100163260005000214300002100264942002700285952010700312 c160878d16087820190214172316.0 aA-949860 a818505448c50.00 aA-949860 bThe international board of yoga a613.7046 aYogendra, Hansaji Jayadeva aGrowing with yoga /cHansaji Jayadeva Yogendra aMumbaibThe international board of yogac1997 a104p.c22cm(pbk) 2ddccENh613.7046mHAN 001040708NFICaZLSbZLSd2019-02-14l0o613.7046 HANpA-949860r2019-02-14 00:00:00w2019-02-14yEN